| 000 | 01526cam a22003974i 4500 | ||
|---|---|---|---|
| 003 | PE-LiUPU | ||
| 005 | 20250731183426.0 | ||
| 008 | 150706s r 000 0 d | ||
| 035 | _a(Sirsi) a49002 | ||
| 040 |
_aPE-LiUPU _bspa _cPE-LiUPU _erda |
||
| 049 | _aPRUA | ||
| 082 | 0 | 4 |
_a709.39 _bA32 _221 |
| 100 | 1 |
_aAkurgal, Ekrem, _eautor. |
|
| 245 | 1 | 4 |
_aThe art of the hittites / _cEkrem Akurgal. |
| 264 | 1 |
_aNew York : _b H.N. Abrams, _c [1962]. |
|
| 300 |
_a315 páginas : _bilustraciones ; _c32 cm. |
||
| 336 |
_atext _2rdacontent |
||
| 337 |
_aunmediated _2rdamedia |
||
| 338 |
_avolume _2rdacarrier |
||
| 504 | _aIncluye Bibliografía p. 306-312. | ||
| 505 | 0 | _aThe hattians -- The early historical period -- The hittite old kingdom -- The period of the empire -- The late hittite period -- The monochrome plates. | |
| 526 | _aP158 | ||
| 526 | _aP146 | ||
| 526 | _aP17 | ||
| 526 | _aP12 | ||
| 526 | _aP06 | ||
| 541 | _g001-002141; | ||
| 650 | 1 | 4 | _aArte hitita. |
| 650 | 2 | 4 | _aHititas. |
| 910 |
_agl _bjck _d20101026 |
||
| 942 |
_2ddc _cBOOK |
||
| 949 |
_a709.39 A32 _wDEWEY _c1 _i62222 _lCCODEBUL1 _mBUL _p19.00 _r0 _sY _tLIBRO _u2015-07-06 _xTEOLOGIA _PP35 _o.STAFF. Colección General |
||
| 994 |
_aC0 _bPEPRU |
||
| 596 | _a1 | ||
| 999 |
_a709.39 A32 _wDEWEY _c51303 _i62222 _f2021-11-11 _g5 _lCCODEBUL1 _mBUL _p19.00 _r0 _sY _tBOOK _u2015-7-6 _xTEOLOGIA _PP35 _0COMPRA _o.STAFF. Colección General _d51303 |
||
| 980 |
_81 _gALBERTO SANCHEZ Responsable de Automatización |
||